000 01256nam0a2200325 4500
001 RU\NLR\bibl\1208592
005 20250615103935.0
010 _a978-5-94275-372-6
_9500
021 _aRU
_b2008-8469
_9464
035 _a(NLR Aleph) 001195029
090 _a1741427
_c1741427
100 _a20080401d2007 |||y0rusy50 ca
101 0 _arus
102 _aRU
105 _aa |||||||||
200 1 _aКаталог орбитальной эволюции короткопериодических комет с 1800 по 2204 гг.
_fА.Ф. Заусаев, А.А. Заусаев
205 _aИзд. 2-е, испр. и доп.
210 _aМосква
_cМашиностроение-1
_d2007
215 _a409 с.
_cил.
_d22
313 _aПо пред.изд.
320 _aБиблиогр.: с. 409 (15 назв.)
606 1 _aКометы
_jКаталоги
_xОрбиты
_xЭволюция
_z1800 - 2204
_92515684
_3RU\NLR\auth\661491052
686 _aВ621.221я26
700 1 _aЗаусаев
_bА. Ф.
_gАнатолий Федорович
_4070
701 1 _aЗаусаев
_bА. А.
_gАртем Анатольевич
_4070
801 0 _aRU
_bNLR
_c20080401
_gRCR
801 1 _aRU
_bNLR
_c20080401
942 _cBOOK
980 _aNB